000
00273nam a2200109Ia 4500
008
190216s9999||||xx |||||||||||||| ||und||
100
_a
George Km
245
0
_a
Valarunnakairali
260
_b
Sahithya Pravarthaka Sahakarana Sangam
650
_a
Essay Malayalam
942
_c
BK
999
_c
24358
_d
24358